000 00273nam a22001217a 4500
008 170524b xxu||||| |||| 00| 0 eng d
041 _aeng
080 _a621.3
100 _a26
101 _aIM
245 _aINTRODUCTION ELECTROANALYSIS
_cLEVESON.L.L
942 _2udc
_cBK
999 _c14167
_d14167